Largest Cities Containing 'O' - Statistics

General Stats
  • This quiz has been taken 252 times
    227 since last reset
  • The average score is 19 of 20
Answer Stats
Population Country City % Correct
39,500,000 Japan Tokyo
100%
16,800,000 Egypt Cairo
99%
14,400,000 United Kingdom London
99%
16,900,000 Russia Moscow
99%
24,400,000 South Korea Seoul
99%
17,600,000 United States Los Angeles
98%
22,100,000 Mexico Mexico City
98%
22,000,000 United States New York City
98%
12,700,000 Brzil Rio de Janeiro
98%
16,900,000 Thailand Bangkok
97%
15,800,000 Argentina Buenos Aires
97%
13,400,000 South Africa Johannesburg
97%
9,350,000 Colombia Bogotá
96%
9,800,000 United States Chicago
95%
17,100,000 Nigeria Lagos
95%
17,600,000 Japan Osaka
94%
21,800,000 Brazil São Paulo
94%
47,700,000 China Guangzhou
87%
10,200,000 Pakistan Lahore
81%
10,400,000 Japan Nagoya
69%
No matching quizzes found
Score Distribution
Percent of People with Each Score
Percentile by Number Answered
Your Score History
You have not taken this quiz since the last reset